| 000 | 00654nas a2200229 4500 | ||
|---|---|---|---|
| 001 | BR7803844 | ||
| 003 | BR-BrBNA | ||
| 005 | 20231205083451.0 | ||
| 007 | ta | ||
| 008 | 230509b bl.|||p| |||| 00| 00por d | ||
| 040 |
_aBR-BrBNA _bpor _cBiblioteca Nacional de Agricultura |
||
| 041 | _a(Pt) | ||
| 072 | _aL73 | ||
| 100 | 1 | _aYasharoff, N. | |
| 245 | 1 | _aGado bovino: nova tecnica para combater o cancer nos olhos [Bos taurus] | |
| 650 | _aDoenca animal | ||
| 650 | _aBovino | ||
| 650 | _aCancer | ||
| 773 | 0 |
_tLavoura (Brazil) _xISSN 0023-9135 _g(Sep 1978), v. 82 p. 22 _wBR7803844 |
|
| 909 |
_a202311 _bLúcia _c55 _dLúcia Elande |
||
| 942 |
_2AGRIS _n0 _cANA |
||
| 999 |
_c98966 _d98966 |
||